01033nam a22002417a 4500999001700000003000900017008004100026040007100067082002600138110003300164245002900197260003200226300004200258505017100300650001900471650001800490650002100508650002200529942001600551945000800567952010500575952011100680  c11248d11248AR-CdUCM190403b           ||||| |||| 00| 0 spa d  aMUNICIPALIDAD PROVINCIAL DEL CUSCOcBIBLIOTECA MUNICIPAL DEL CUSCO  aEP / 372.460 / bSA25  aEditorial Santillana 928518  aLenguaje :bVentanal 5 /  aLima :bSantillana ;c1991.  a158 páginas ;bIlustraciones c28cm  aContenido: El lenguaje y las lenguas -- Los sonidos y las letras -- El diptongo y el hiato -- Palabras agudas, llanas y esdrújulas -- Formación de las palabras...  aLenguaje95227  aLengua 92065  aPalabras 926251  aOración 916660  2ddccLIBROS  anom  002ddc4070aSIbSIcCHILDd2019-04-03g50.00oEP / 372.460 /  SA25pSI00000960r2019-04-03yLIBROS  002ddc4070aSIbSIcCHILDd2019-04-22g50.00oEP / 372.460 /  SA25 / e.2pSI00002295r2019-04-22yLIBROS